LEADER 01300nam--2200421---450- 001 990002768970203316 005 20061004112158.0 010 $a960-7036-16-6 011 $a1105-7785 035 $a000276897 035 $aUSA01000276897 035 $a(ALEPH)000276897USA01 035 $a000276897 100 $a20060629d1992----km-y0itay50------ba 101 $agrc 102 $aGR 105 $aa---||||001yy 200 1 $aAnaskaphe Pellas 1957 - 1964$eoi pelinoi lychnoi$fStellas Drougou 210 $aAthenai$cArchaiologike Hetaireia$d1992 215 $a134 p., 89 p. di tav.$cill.$d28 cm 225 2 $aBibliotheke tes en Athenais Archaiologikes Hetaireias$v128 300 $aTitolo traslitterato 410 0$12001$aBibliotheke tes en Athenais Archaiologikes Hetaireias$v128 454 1$12001 461 1$1001-------$12001 606 0 $aScavi archeologici$yPella 676 $a930.10283 700 1$aDROUGOU,$bStella$0482179 801 0$aIT$bsalbc$gISBD 912 $a990002768970203316 951 $aI C DRO 1$b118 DBC$cI C 959 $aBK 969 $aDBC 979 $aDBC$b90$c20060629$lUSA01$h0948 979 $aDBC$b90$c20060629$lUSA01$h1045 979 $aDBC$b90$c20061004$lUSA01$h1121 996 $aAnaskaphe Pellas 1957 - 1964$9997496 997 $aUNISA LEADER 01307nas 2200445-a 450 001 996204051603316 005 20240413025424.0 035 $a(CKB)991042728085762 035 $a(CONSER)--2002212810 035 $a(EXLCZ)99991042728085762 100 $a20020118b199u2005 --- a 101 0 $aeng 181 $ctxt$2rdacontent 182 $cc$2rdamedia 183 $acr$2rdacarrier 200 00$aForbes global 210 $aLondon $cForbes Global Inc 215 $a1 online resource 311 08$aPrint version: Forbes global. 1467-1654 (DLC) 2002212810 (OCoLC)48815217 517 1 $aInvestment guide 606 $aBusiness$vPeriodicals 606 $aInternational trade$vPeriodicals 606 $aBusiness$2fast$3(OCoLC)fst00842262 606 $aInternational trade$2fast$3(OCoLC)fst00977128 606 $aInternationale economie$2gtt 608 $aPeriodicals.$2fast 608 $aPeriodicals.$2lcgft 610 $aJournal. 615 0$aBusiness 615 0$aInternational trade 615 7$aBusiness. 615 7$aInternational trade. 615 17$aInternationale economie. 676 $a650/.05 712 02$aForbes Global Inc. 906 $aJOURNAL 912 $a996204051603316 920 $aexl_impl conversion 996 $aForbes global$92560505 997 $aUNISA